找出以下大学中真实存在的大学 地雷模式 Find the Real Existing Universities - Sudden Death - Statistics

General Stats
  • This quiz has been taken 1 325 times
  • The average score is 5 of 30
Answers on the Grid
Answers color-coded by a green-red scale on the quiz's grid according to % correct below.
天津理工大学
天津静海学院
北京第二外国语学院
衡水师范学院
邢台医学院
山西工业大学
内蒙古财经大学
鲁迅美术学院
鞍山工业大学
北华大学
长春大学
哈尔滨佛学院
大庆石油大学
上海船舶大学
东华大学
上海健康医学院
江苏海洋大学
无锡师范大学
杭州大学
嘉兴大学
金华师范大学
合肥大学
蚌埠医科大学
厦门科技大学
福建海事大学
江西大学
赣州大学
豫章师范学院
青岛农业大学
潍坊工商财经学院
聊城大学
中原工学院
南阳理工学院
河南民族大学
武汉交通大学
襄阳大学
荆楚理工学院
吉首大学
湖南女子学院
南华大学
湛江科技学院
东莞财经大学
桂林大学
海南民族大学
(重庆)万州理工大学
重庆邮电大学
西华大学
成都工程大学
贵阳旅游学院
六盘水师范学院
大理大学
云南民族大学
西藏理工大学
西安雁塔学院
陕西理工大学
甘肃大学
西宁科技大学
银川师范大学
乌鲁木齐大学
喀什大学
 
Answer Stats
Answer % Correct
天津理工大学
51%
北京第二外国语学院
49%
东华大学
35%
鲁迅美术学院
33%
北华大学
29%
长春大学
26%
内蒙古财经大学
19%
吉首大学
16%
西华大学
16%
南华大学
15%
喀什大学
15%
聊城大学
14%
重庆邮电大学
14%
江苏海洋大学
12%
合肥大学
12%
中原工学院
10%
南阳理工学院
10%
邢台医学院
9%
嘉兴大学
9%
青岛农业大学
9%
大理大学
9%
云南民族大学
9%
湖南女子学院
8%
陕西理工大学
8%
蚌埠医科大学
7%
上海健康医学院
6%
六盘水师范学院
6%
豫章师范学院
5%
荆楚理工学院
5%
湛江科技学院
2%
No matching quizzes found
Score Distribution
Percent of People with Each Score
Percentile by Number Answered
Your Score History
You have not taken this quiz